000 00325nam a2200121Ia 4500
008 230907s9999||||xx |||||||||||||| ||und||
082 _a657.021894
_bFIN
100 _aPicker, Ruth,
_9115607
245 0 _aFinancial Reporting /
260 _aJohn Wiley & Sons,
_bAustralia :
_c2018
300 _axvi, 1203 pages :
942 _cBK
999 _c598936
_d598936